All Countries by Capital - Oceania - Statistics

General Stats
  • This quiz has been taken 23 times
  • The average score is 12 of 14
Answer Stats
Capitals Countries % Correct
Canberra Australia
100%
Suva Fiji
94%
Wellington New Zealand
94%
Apia Samoa
94%
Port Moresby Papua NewGuinea
88%
Honiara Solomon Islands
88%
Nuku'alofa Tonga
88%
Port Vila Vanuatu
88%
Palikir F.S. Micronesia
81%
South Tarawa Kiribati
81%
Majuro Marshall Islands
81%
Yaren Nauru
81%
Ngerulmud Palau
81%
Funafuti Tuvalu
81%
No matching quizzes found
Score Distribution
Percent of People with Each Score
Percentile by Number Answered
Your Score History
You have not taken this quiz